Reprezentacja Polski Adama Nawałki. - Statystyki

Ogólne statystyki
  • Ten quiz został rozwiązany 1 408 razy
    1 384 od ostatniego zresetowania
  • Średni wynik to 66 z 78
Statystyki odpowiedzi
Mecz Piłkarz % Poprawnych
Polska - Litwa Lewandowski
100%
Gibraltar - Polska Lewandowski
100%
Gibraltar - Polska Lewandowski
100%
Gibraltar - Polska Lewandowski
100%
Gibraltar - Polska Lewandowski
100%
Polska - Gruzja Lewandowski
100%
Polska - Gruzja Lewandowski
100%
Polska - Gruzja Lewandowski
100%
Niemcy - Polska Lewandowski
100%
Polska - Gibraltar Lewandowski
100%
Polska - Gibraltar Lewandowski
100%
Szkocja - Polska Lewandowski
100%
Szkocja - Polska Lewandowski
100%
Polska - Irlandia Lewandowski
100%
Polska - Islandia Lewandowski
100%
Polska - Islandia Lewandowski
100%
Polska - Portugalia Lewandowski
100%
Kazachstan - Polska Lewandowski
100%
Polska - Dania Lewandowski
100%
Polska - Dania Lewandowski
100%
Polska - Dania Lewandowski
100%
Polska - Armenia Lewandowski
100%
Rumunia - Polska Lewandowski
100%
Rumunia - Polska Lewandowski
100%
Czarnogóra - Polska Lewandowski
100%
Polska - Korea Południowa Lewandowski
100%
Polska - Chile Lewandowski
100%
Polska - Litwa Milik
97%
Polska - Niemcy Milik
97%
Polska - Szkocja Milik
97%
Gruzja - Polska Milik
97%
Polska - Szwajcaria Milik
97%
Polska - Gruzja Milik
97%
Polska - Gibraltar Milik
97%
Polska - Gibraltar Milik
97%
Polska - Czechy Milik
97%
Polska - Irlandia Północna Milik
97%
Polska - Gibraltar Błaszczykowski
95%
Polska - Serbia Błaszczykowski
95%
Ukraina - Polska Błaszczykowski
95%
Szwajcaria - Polska Błaszczykowski
95%
Gruzja - Polska Glik
93%
Gruzja - Polska Krychowiak
93%
Polska - Irlandia Krychowiak
93%
Polska - Senegal Krychowiak
93%
Gibraltar - Polska Grosicki
92%
Gibraltar - Polska Grosicki
92%
Polska - Gibraltar Grosicki
92%
Polska - Gibraltar Grosicki
92%
Polska - Islandia Grosicki
92%
Polska - Czechy Grosicki
92%
Polska - Finlandia Grosicki
92%
Polska - Finlandia Grosicki
92%
Rumunia - Polska Grosicki
92%
Polska - Korea Południowa Grosicki
92%
Polska - Korea Południowa Zieliński
86%
Polska - Chile Zieliński
86%
Czarnogóra - Polska Piszczek
84%
Japonia - Polska Bednarek
78%
Polska - Niemcy Mila
70%
Gruzja - Polska Mila
70%
Polska - Gibraltar Kapustka
68%
Polska - Islandia Kapustka
68%
Kazachstan - Polska Kapustka
68%
Polska - Szkocja Mączyński
66%
Polska - Szwajcaria Jędrzejczyk
65%
Polska - Holandia Jędrzejczyk
65%
Irlandia - Polska Peszko
55%
Polska - Norwegia Linetty
52%
Polska - Słowenia Teodorczyk
50%
Gibraltar - Polska Szukała
41%
Polska - Czechy Jodłowiec
38%
Polska - Finlandia Wszołek
30%
Polska - Finlandia Wszołek
30%
Mołdawia - Polska Brożek
25%
Polska - Finlandia Starzyński
25%
Polska - Norwegia Kucharczyk
16%
Polska - Norwegia Brzyski
12%
Nie znaleziono quizów pasujących do podanych kryteriów
Rozkład punktacji
Procent ludzi z każdym wynikiem
Percentyl według liczby udzielonych odpowiedzi
Twoja historia wyników
Nie rozwiązałeś tego quizu od ostatniego zresetowania